Research forum 2014: Štrukturálna pomoc EÚ pre výskum a inovácie – efekty, príležitosti a riziká

Informácia o zámeroch a cieľoch odbornej konferencie" Štrukturálna pomoc EÚ pre výskum a inovácie – efekty, príležitosti a riziká" ktorá sa konala v dňoch 9.-11. apríla 2014 vo Vysokých Tatrách.

Salvato in:
Dettagli Bibliografici
Autore principale: Kropaj, Marián, 1983-
Natura: Capitolo di libro
Lingua:slovacco
Soggetti:
Tags: Aggiungi Tag
Nessun Tag, puoi essere il primo ad aggiungerne!!

MARC

LEADER 00000naa a2200000 4500
001 0191136
005 20240502073219.4
041 0 |a slo 
044 |a SK 
245 1 0 |a Research forum 2014: Štrukturálna pomoc EÚ pre výskum a inovácie – efekty, príležitosti a riziká  |c Marián Kropaj 
520 |a Informácia o zámeroch a cieľoch odbornej konferencie" Štrukturálna pomoc EÚ pre výskum a inovácie – efekty, príležitosti a riziká" ktorá sa konala v dňoch 9.-11. apríla 2014 vo Vysokých Tatrách. 
610 2 0 |a Európska únia 
610 2 0 |a konferencie 
610 2 0 |a inovácia 
610 2 0 |a výskum ekonomický 
100 1 |a Kropaj, Marián, 1983-